书目信息 |
| 题名: |
等离子体物理基础
|
|
| 作者: | 朱士尧 编著 | |
| 分册: | ||
| 出版信息: | 北京 科学出版社 1983 |
|
| 页数: | 200页 | |
| 开本: | 19cm | |
| 丛书名: | 物理学基础知识丛书 | |
| 单 册: | ||
| 中图分类: | O53 | |
| 科图分类: | ||
| 主题词: | 等离子体物理学 | |
| 电子资源: | ||
| ISBN: | ||
| 000 | 00703nam2 2200253 45 | |
| 001 | 0183011990 | |
| 005 | 20060424104359.57 | |
| 010 | @dCNY1.05 | |
| 091 | @a13031.2385 | |
| 100 | @a19950706d1983 emky0chiy0121 ea | |
| 101 | 0 | @achi |
| 102 | @aCN@b110000 | |
| 105 | @ay z 000yy | |
| 200 | 10 | @a等离子体物理基础@Adeng li zi ti wu li ji chu@f朱士尧编著@Fzhu shi yao bian zhu |
| 210 | @a北京@c科学出版社@d1983 | |
| 215 | @a200页@d19cm | |
| 225 | 2 | @a物理学基础知识丛书 |
| 410 | 0 | @120010@a物理学基础知识丛书 |
| 606 | @a等离子体物理学 | |
| 690 | @aO53@v3 | |
| 701 | 0 | @a朱士尧@Azhu shi yao@4编著 |
| 801 | 2 | @aCN@bNLC@c20060424 |
| 801 | 0 | @aCN@b上海图书馆@c20040706 |
| 905 | @f1@b95985@dO53@e1 | |
| 等离子体物理基础/朱士尧编著.-北京:科学出版社,1983 |
| 200页;19cm.-(物理学基础知识丛书) |
| ISBN :CNY1.05 |
| ● |
| 相关链接 |
|
|
|
|
正题名:等离子体物理基础
索取号:O53/1
 
预约/预借
| 序号 | 登录号 | 条形码 | 馆藏地/架位号 | 状态 | 备注 |
| 1 | 0095985 | 001939709 | 第二样本阅览室/ [索取号:O53/1] | 在馆 | |
| 2 | 0095986 | 202254283 | 密集书库/ [索取号:O53/1] | 在馆 |